| 000 | 00314nam a2200085Ia 4500 | ||
|---|---|---|---|
| 245 | 0 | _aMining the future : the Bafokeng story | |
| 100 | _a Totem Media for the Research & Planning Department of the Royal Bafokeng Administration [South Africa], 2010 | ||
| 942 | _cBK | ||
| 008 | 210819s9999 xx 000 0 und d | ||
| 999 |
_c311336 _d311335 |
||